00834 a2200217 4500003000500000005001700005010001600022020001500038040000900053082001400062100002800076245006800104250001200172260005300184300003300237505016900270650002300439942001200462999001900474952012300493Nust20221231154904.0 a 95012031 a0132262754 cNust00a629.8,BAT1 aBateson, Robert N.956810aIntroduction to control system technology /cRobert N. Bateson. a5th ed. aEnglewood Cliffs, N.J. :bPrentice Hall,cc1996. axi, 784 p. :bill. ;c25 cm. aPart.I Introduction (Page-3), Part.II Measurement (Page-191), Part.III Manipulation (Page-377), Part. IV Control (Page-191), Part.V Analysis and Design (Page-561), 0aAutomatic control. 2ddccBK c183928d183928 00102ddc4070aMCSbMCScGENd2016-12-12o629.8,BATpMCS26738r2016-12-08w2016-12-12yBKzAlmirah No.41, Shelf No.3